|
|
|
|
| LEADER |
00000cam a2200000 a 4500 |
| 001 |
vtls010276925 |
| 003 |
SK-MaSNL |
| 005 |
20260302011736.0 |
| 008 |
240318s2010 xo oa e 000 0 slo |
| 015 |
|
|
|a SNBA2014/03
|
| 020 |
|
|
|a 9788097049201
|q (brož.)
|
| 035 |
|
|
|a F32F14B8-640A-4292-B812-8956E1E24DC8
|
| 035 |
|
|
|a urn:nbn:sk:snk-amjxek
|
| 035 |
|
|
|a urn:nbn:sk:snk-am0080hz
|
| 040 |
|
|
|a SNK
|b slo
|c SNK
|e AACR2
|
| 041 |
0 |
|
|a slo
|a ger
|
| 044 |
|
|
|a xo
|c SK
|
| 072 |
|
7 |
|a 811.112.2
|x Nemčina
|2 konspekt
|
| 080 |
|
|
|a 811.112.2
|2 2001
|
| 080 |
|
|
|a 364-783
|2 2001
|
| 080 |
|
|
|a 81'24
|2 2001
|
| 080 |
|
|
|a 81'36
|2 2001
|
| 080 |
|
|
|a (075)
|2 2001
|
| 080 |
|
|
|a 81'373.46
|2 2001
|
| 100 |
1 |
|
|a Džuganová, Jana
|4 aut
|9 333554
|
| 245 |
1 |
0 |
|a Nemčina pre opatrovateľky
|c Jana Džuganová, Jaroslav Výboštek
|
| 246 |
1 |
1 |
|a Deutsch für Betreuerinnen
|
| 250 |
|
|
|a [1. vyd.]
|
| 260 |
|
|
|a Prešov
|b VaV Servis
|c 2010
|
| 300 |
|
|
|a 73 s.
|b fareb. fotogr. a ilustr.
|c 29 cm
|
| 500 |
|
|
|a Jazyková škola VaV
|
| 500 |
|
|
|a Názov z obalu
|
| 650 |
0 |
7 |
|a nemčina
|2 SNKPH
|9 1384
|
| 650 |
0 |
7 |
|a opatrovateľstvo
|2 SNKPH
|9 50049
|
| 650 |
0 |
7 |
|a konverzácia
|2 SNKPH
|9 49849
|
| 650 |
0 |
7 |
|a gramatika
|2 SNKPH
|9 865
|
| 650 |
0 |
7 |
|a German language
|2 SNKPHeng
|9 278149
|
| 650 |
0 |
7 |
|a Care work
|2 SNKPHeng
|9 324737
|
| 650 |
0 |
7 |
|a Conversation, terms and phrases
|2 SNKPHeng
|9 314419
|
| 650 |
0 |
7 |
|a Grammar
|2 SNKPHeng
|9 278150
|
| 650 |
0 |
7 |
|a Terminology (professional)
|2 SNKPHeng
|9 90966
|
| 650 |
0 |
7 |
|a odborná terminológia
|2 SNKPH
|9 3616
|
| 655 |
|
7 |
|a učebnice
|2 SNKPH
|9 22521
|
| 655 |
|
7 |
|a Textbooks
|2 SNKPHeng
|9 276731
|
| 700 |
1 |
|
|a Výboštek, Jaroslav
|4 aut
|9 333555
|
| 919 |
|
|
|a 978-80-970492-0-1
|
| 999 |
|
|
|c 1007246
|d 1009176
|
| 952 |
|
|
|a SNK
|b SNK
|y PREZ
|7 0
|p 17A1104119
|o snkSB 86185
|i snk2014/3698
|8 0
|0 0
|1 0
|4 0
|d 2014-02-05
|f 1
|l 0
|r 2025-05-07 00:00:00
|w 2026-02-24
|
| 952 |
|
|
|a SNK
|b SNK
|y VYP
|7 0
|p 17A1104120
|o snkSB 86185 D1
|i snk2014/3699
|8 0
|0 0
|1 0
|4 0
|d 2014-02-05
|l 0
|r 2016-06-30 00:00:00
|w 2026-02-24
|